000 00653nam a2200169Ia 4500
008 090711s9999 xx 000 0 und d
082 _b65140
100 _aजाधव रा. ग.
245 _aवाडमयीन निबंधलेखन स्वरुप आणि साधने
260 _c1987
300 _a162
600 _aजाधव रा. ग.
630 _aवाडमयीन निबंधलेखन स्वरुप आणि साधने
700 _aजाधव रा. ग.
730 _aवाडमयीन निबंधलेखन स्वरुप आणि साधने
942 _cBOOK
999 _c315543
_d315543